|
|
|
|
| LEADER |
01056nam a2200349 4500 |
| 001 |
DLU090097716 |
| 005 |
##20091201 |
| 040 |
# |
# |
|a DLU
|b eng
|
| 041 |
# |
# |
|a eng
|
| 044 |
# |
# |
|a us
|
| 245 |
# |
# |
|a Quantitative photoelectrochemical detection of biological affinity reaction : Biotin-avidin interaction /
|c Dong Dong ... [et al.].
|
| 653 |
# |
# |
|a Biological affinity reaction
|
| 653 |
# |
# |
|a Photoelectrochemical analytical system
|
| 653 |
# |
# |
|a Solar cells
|
| 700 |
# |
# |
|a Cheng, Jing.
|
| 700 |
# |
# |
|a Dong, Dong.
|
| 700 |
# |
# |
|a Guo, Liang-Hong.
|
| 700 |
# |
# |
|a Li, Yuan-Guang.
|
| 700 |
# |
# |
|a Wang, Fu-Quan.
|
| 700 |
# |
# |
|a Wang, Na.
|
| 700 |
# |
# |
|a Yang, Xi-Qiang.
|
| 700 |
# |
# |
|a Zheng, Dong.
|
| 773 |
# |
# |
|t Analytical Chemistry
|g Vol. 76, no. 2 (January 2004), p. 499-501
|
| 920 |
# |
# |
|a Phòng Tạp chí -- Trung tâm Thông tin - Thư viện Trường Đại học Đà Lạt
|
| 994 |
# |
# |
|a DLU
|
| 900 |
# |
# |
|a True
|
| 911 |
# |
# |
|a Trương Bảo Trâm Anh
|
| 925 |
# |
# |
|a G
|
| 926 |
# |
# |
|a A
|
| 927 |
# |
# |
|a BB
|
| 980 |
# |
# |
|a Thư viện Trường Đại học Đà Lạt
|